Vergleichende Untersuchungen über die Tenazität freier und zellgebundener Orthopockenviren /

Bibliographic Details
Main Author: Kraatz, Gabriele, 1953-
Format: Thesis Book
Language:German
Published: [Place of publication not identified] : [publisher not identified], 1984.
Subjects:

MARC

Tag First Indicator Second Indicator Subfields
LEADER 00000cam a2200000Ia 4500
001 in00004530248
005 20191205081709.0
008 860117s1984 xx a bm 000 0 ger d
019 |a 11565453 
029 1 |a NLGGC  |b 059773227 
029 1 |a GEBAY  |b 301197 
029 1 |a DEBBG  |b BV000197716 
035 |a (OCoLC)ocm13032825 
035 |a (OCoLC)13032825  |z (OCoLC)11565453 
035 |z (UtOrBLW)62336 
035 |a 89589 
040 |a UIU  |b eng  |c UIU  |d AGL  |d OCLCQ  |d CUX  |d OCLCQ  |d OCLCF  |d UtOrBLW 
041 0 |a ger  |b eng 
049 |a TMVM 
072 0 |a L400 
100 1 |a Kraatz, Gabriele,  |d 1953- 
245 1 0 |a Vergleichende Untersuchungen über die Tenazität freier und zellgebundener Orthopockenviren /  |c von Gabriele Kraatz. 
246 1 |i English abstract has title:  |a Comparative investigations on the tenacity of cell-free and cell-associated Orthopoxviruses 
264 1 |a [Place of publication not identified] :  |b [publisher not identified],  |c 1984. 
300 |a 78 pages :  |b illustrations ;  |c 21 cm. 
336 |a text  |2 rdacontent  |b txt 
337 |a unmediated  |2 rdamedia 
338 |a volume  |2 rdacarrier  |b nc 
502 |b doctoral  |c Universität München  |d 1984. 
504 |a Includes bibliographical references (pages 69-78). 
500 |a Vita. 
650 0 |a Orthopoxviruses. 
650 2 |a Orthopoxvirus  |x drug effects. 
650 2 |a Orthopoxvirus  |x pathogenicity. 
650 7 |a Orthopoxviruses.  |2 fast  |0 (OCoLC)fst01048580 
994 |a C0  |b TMV 
999 |a MARS 
999 f f |s 4d3f04c6-f439-3e6b-9c8a-62be3f476a87  |i 9995b750-87d9-39c6-a13a-8f30a30a6c49  |t 0 
952 f f |p preservation  |a Texas A&M University  |b J.J. Pickle Campus  |c High Density Repository  |d Remote Storage  |t 0  |e German dissertations  |h Other scheme  |i unmediated -- volume  |m 3238902451521 
998 f f |a German dissertations  |t 0  |l Remote Storage